02325nam a22001817a 4500008004100000020001800041050001700059100002500076245011700101260004000218300005000258500005900308504007000367505162300437650002602060700002802086700002902114140609t2010 sp alus| |||| 00| 0 spa d a9788483226551 4aR1245bB35181 aBall, Jane W.eautor10aEnfermería pediátrica b : asistencia infantilc / Jane W. Ball, Ruth C. Blinder ; traducción Jane W. Ball3 aMadrid, Españab: Pearsonc, 2010 axxx, 1382 páginas + CD ROMb: ilustraciones aTraduccion de Pediatric Nursing : Caring for Children  aIncluye: Apéndices pp. 1308-1325 e Índice alfabético p 13261 aFunción del profesional de enfermería en la asistencia pediátrica en el hospital, en la comunidad y el domicilio Asistencia centrada en la familia : teoría y práctica Crecimiento y desarrollo Nutrición del lactante, el niño y el adolescente Valoración pediátrica Influencias sociales y del entorno en los niños Introducción a la promoción y el mantenimiento de la salud Promoción y mantenimiento de la salud en el recién nacido y el lactante Promoción y mantenimiento de la salud en la edad preescolar y escolar Promoción y mantenimiento de la salud en el Adolescente Consideraciones de asistencia sanitaria pediátrica en la comunidad Consideraciones de enfermería pediátrica en casos de enfermedad crónica Consideraciones de enfermería para los niños hospitalizados Niños con enfermedades de riesgo vital y cuidados paliativos Evaluación y control del dolor Alteraciones hidroelectrolíticas y del equilibrio acidobásico Alteraciones de la función inmunitaria Enfermedades infecciosas y contagiosas Alteraciones en la función de ojos, oídos, nariz y garganta Alteraciones de la función respiratoria Alteraciones de la función cardiovascular Alteraciones de la función hematológica Alteraciones en el crecimiento celular Alteraciones de la función digestiva Alteraciones de la función genitourinaria Alteraciones de la función neurológica Alteraciones de la salud mental y cognitivas Alteraciones de la función musculoesquelética Alteraciones de la función endocrina y metabólica Alteraciones de la integridad cutánea Alteraciones 14aENFERMERIA PEDIATRICA1 aBlinder, Ruth C.eautor1 aBall, Jane W.etraductor